Regional geology of Jiangsu Province and Shanghai municipality /

Saved in:
Bibliographic Details
Corporate Author: Jiangsu Sheng (China). Di zhi kuang chan ju.
Format: Book
Language:English
Published: Beijing : Geological Publishing House, [1984]
Series:Geological memoirs. no. 1
Subjects:
Tags: Add Tag
No Tags, Be the first to tag this record!
LEADER 01551cam a2200313 a 4500
001 MIU01-008564444
003 MiU
005 20100903101925.0
008 100902s1984 cc bd r 000 0 eng
035 |a (OCoLC)660163340 
035 |a (OCoLC)ocn660163340 
038 |a MiU 
040 |a EYM  |c EYM  |d EYM 
041 0 |a eng 
043 |a a-cc-ku  |a a-cc-sm 
049 |a EYMV 
090 |a QE294  |b .C4824 1984 
245 0 0 |a Regional geology of Jiangsu Province and Shanghai municipality /  |c Jiangsu bureau of geology and mineral resources. 
260 |a Beijing :  |b Geological Publishing House,  |c [1984] 
300 |a 40 p. :  |b charts ;  |c 28 cm. + 8 maps. 
440 0 |a Geological memoirs.  |n series 1 ;  |v no. 1 
500 |a Photocopy of "brief text," pp.818-857 from Jiangsu Sheng ji Shanghai shi qu yu di zhi zhi. 
500 |a Maps col. photocopies, reduced 45%. 
500 |a Maps in Chinese with Chinese and English legend. 
588 |a This bibliographic record is available under the Creative Commons CC0 public domain dedication. The University of Michigan Libraries, as creator of this bibliographic record, has waived all rights to it worldwide under copyright law, including all related and neighboring rights, to the extent allowed by law. 
650 0 |a Geology  |z China  |z Jiangsu Sheng  |v Maps. 
650 0 |a Geology  |z China  |z Shanghai  |v Maps. 
710 1 |6 880-01  |a Jiangsu Sheng (China).  |b Di zhi kuang chan ju.  |t Jiangsu Sheng ji Shanghai shi qu yu di zhi zhi. 
880 1 |6 710-01/  |a 江苏省 (China).  |b 地质矿产局.  |t 江苏省及上海市区域地质志.